| 000 | 00522 a2200181 4500 | ||
|---|---|---|---|
| 003 | OSt | ||
| 005 | 20260307150028.0 | ||
| 008 | 260307b |||||||| |||| 00| 0 eng d | ||
| 020 | _a9789364876889 | ||
| 040 | _coclc | ||
| 082 |
_a894.8123 _bSAN/T |
||
| 100 | 1 |
_aSantōṣkumār, I., _d1969- _96418 |
|
| 245 |
_aTHAPOMAYIYUDE ACHAN / _cE Santhoshkumar |
||
| 250 | _a18th ed. | ||
| 260 |
_aKottayam: _bD C Books. _c2026, |
||
| 300 | _a342 pages | ||
| 942 |
_2ddc _cBK _h894.8123 _iSAN/T _k894.8123 _mSAN/T |
||
| 999 |
_c44683 _d44683 |
||